Dobrý image se podniku vyplatí

Rastúci význam firemného image v zahraničí. Definícia image. Vyčlenenie ďalších disciplín zameraných na produkt a zákazníka pod pojmom Corporate Communications - CC (strategické komunikácie podniku). Public Relations versus Corporate Communications.

Gespeichert in:
Bibliographische Detailangaben
1. Verfasser: Němec, P.
Format: Buchkapitel
Sprache:Tschechisch
Schlagworte:
Tags: Tag hinzufügen
Keine Tags, Fügen Sie das erste Tag hinzu!

MARC

LEADER 00000naa a2200000 4500
001 r022003
005 20230922083939.2
041 0 |a cze 
044 |a CZ 
245 1 0 |a Dobrý image se podniku vyplatí  |c P. Němec 
520 |a Rastúci význam firemného image v zahraničí. Definícia image. Vyčlenenie ďalších disciplín zameraných na produkt a zákazníka pod pojmom Corporate Communications - CC (strategické komunikácie podniku). Public Relations versus Corporate Communications. 
610 2 0 |a riadenie podnikové 
610 2 0 |a imidž 
610 2 0 |a komunikácia 
610 2 0 |a pojmy 
610 2 0 |a práca s verejnosťou 
100 1 |a Němec, P.